| 000 | 00506nam a2200157Ia 4500 | ||
|---|---|---|---|
| 008 | 240729s9999 xx 000 0 und d | ||
| 022 | _a2411-9717 | ||
| 245 | 0 | _aJournal of the Southern African Institute of Mining and Metallurgy | |
| 260 | _aSouth Africa | ||
| 260 | _bThe Southern African Institute of Mining and Metallurgy | ||
| 650 | _a Mining engineering. Metallurgy | ||
| 650 | _aTechnology | ||
| 856 | _uhttps://doaj.org/toc/fd112a5676f44a71afc5164931708a1f | ||
| 942 | _2ddc | ||
| 942 | _cDOAJEJ | ||
| 999 |
_c68733 _d68733 |
||
| 945 |
_a1 _bMadushi Gamage _c1 _dMadushi Gamage |
||